00517nam a2200109Ia 4500008004100000050002600041100001900067245019500086260008600281300002800367521001200395140724s9999 xx 000 0 und d aRT 86.75b.Al337 2011 aAlbis, Angela. 2aA comparative study of the job satisfaction level between nursing graduates of Southville International School and Colleges employed in a nursing field and non-nursing field /cAngela Albis. aLas Piñas, Philippines :bSouthville International School and Colleges,cc2011. a66 p. :bill. ;c28 cm. aNursing